| 000 | 00633 a2200205 4500 | ||
|---|---|---|---|
| 999 |
_c4515 _d4515 |
||
| 020 | _a0435206141 | ||
| 050 | _aQA 135.5 ACT 2002 | ||
| 100 |
_aBlinko, Janine _eauthor |
||
| 245 |
_aActivity sheets _bMaths spotlight / _cJanine Blinko, Paula Coombes, Hilary koll, Steve mills and Jeanette Mumford |
||
| 264 |
_aGosport _bHeinemann _c2002 |
||
| 300 |
_a60p. : _bill. |
||
| 500 | _aIncludes index | ||
| 650 | _aMaths | ||
| 700 |
_aPaula Coombes _eauthor |
||
| 700 |
_aHilary Koll _eauthor |
||
| 700 |
_aSteve Mills _eauthor |
||
| 700 |
_aJeanette Mumford _eauthor |
||
| 700 |
_aPeter Clarke _eeditor |
||
| 942 |
_2lcc _cBK _h135.5 _iACT _kQA |
||